000 00809cam a2200265 i 4500
001 1294319
003 ARRUPE
005 20141219134526.0
008 760811s1974 rh af 001 0 eng
010 _a 76363544
020 _a0582641136
040 _aDLC
_cDLC
_dDLC
043 _af-rh---
050 0 0 _aQL692.R5
_bG57
082 0 0 _a598.2/9689/1
100 1 _aGinn, Peter.
_910889
245 1 0 _aBirds of the lowveld
_cPeter Ginn ; line drawings and paintings by Graeme Arnott.
260 _aSoutherton, Salisbury :
_bLongman Rhodesia,
_c1974.
300 _av, 103 p., [16] leaves of plates :
_bill. (some col.) ;
_c22 cm.
490 0 _aBundu series
500 _aIncludes index.
650 0 _aBirds
_zZimbabwe.
_913301
906 _a7
_bcbc
_corignew
_du
_encip
_f19
_gy-gencatlg
942 _2lcc
_cSPC
999 _c121463
_d121463